000 00939nam a2200241 i 4500
001 bg
100 1 _aNIEWIADOMSKI, Zygmunt
245 1 0 _aPlanowanie przestrzenne w systemie zadań samorządu terytorialnego :
_bzagadnienia administracyjnoprawne /
_cZygmunt Niewiadomski.
260 _aWarszawa :
_bWydaw. PWN,
_c1994.
300 _a151 s. ;
_c24 cm.
490 1 _aStudia / Polska Akademia Nauk. Komitet Prrzestrzennego Zagospodarowania Kraju,
_x0079-3507 ;
_vT. CII
504 _aBibliogr. s. 140-151.
650 9 _aPlanowanie przestrzenne
_xprawo
_xzagadnienia
_zPolska
650 9 _aSamorząd terytorialny
_xprawo
_xzagadnienia
_zPolska
830 0 _aStudia (Polska Akademia Nauk. Komitet Prrzestrzennego Zagospodarowania Kraju) ;
_vT. CII
020 _a8301117273
040 _cBPK
041 0 _apl
080 _a349.44:342.25:711.1](438+4)
920 _a83-01-11727-3
942 _cKS
008 s pl f |000 0 pol
999 _c30396
_d30396
856 _uhttp://koha.tu.koszalin.pl/cgi-bin/koha/opac-detail.pl?biblionumber=30396
_yKatalog online BPK